Principios de economía

Enregistré dans:
Détails bibliographiques
Auteur principal: Mankiw, N. Gregory (autor)
Format: Livre
Langue:espagnol
Publié: Madrid McGraw Hill 2002
Édition:2a. ed
Sujets:
Tags: Ajouter un tag
Pas de tags, Soyez le premier à ajouter un tag!

MARC

LEADER 00000nam a2200000 a 4500
001 UCM5292
003 CL-VaPUC
005 20230703125111.0
008 021003e20020000SP |||||||||||||||||spa|d
999 |c 301427  |d 301425 
020 |a 8448130375 
040 |c Pontificia Universidad Católica de Valparaíso 
082 0 4 |a 330  |b MAN  |2 21 
100 |a Mankiw, N. Gregory  |e autor  |9 861929 
245 1 0 |a Principios de economía 
250 |a 2a. ed 
260 |a Madrid  |b McGraw Hill  |c 2002 
300 |a 523 p 
583 |a last modification  |c 20160311 00:03:11  |k Rodrigo Vera 
600 0 |9 861929  |a Mankiw, N. Gregory  |e autor 
650 0 |a Economía   |9 255568 
650 0 |a Comercio exterior  |2 CL-VaPUC  |9 257617 
650 0 |a Producción   |9 263680 
650 0 |a Macroeconomía   |9 260301 
650 0 |a Oferta y demanda  |9 255571 
942 |c BK  |2 ddc 
945 |d 20021003 00:00:00  |a vberengu 
952 |0 0  |1 0  |4 0  |6 330_000000000000000_MAN_2002  |7 0  |8 R  |9 360362  |a BIBENE  |b BIBENE  |d 2019-11-21  |i 3842770  |o 330 MAN 2002  |p 3842770  |r 2025-01-15  |w 2019-11-21  |y BK_R  |k ICO 
952 |0 0  |1 0  |4 0  |6 330_000000000000000_MAN_2002  |7 0  |8 R  |9 360363  |a BIBENE  |b BIBENE  |d 2019-11-21  |i 3950573  |o 330 MAN 2002  |p 3950573  |r 2025-01-15  |w 2019-11-21  |y BK_R  |k ICO 
952 |0 0  |1 0  |4 0  |6 330_000000000000000_MAN_2002  |7 0  |8 A  |9 360364  |a BIBALI  |b BIBALI  |c RES  |d 2019-11-21  |i 3969096  |o 330 MAN 2002  |p 3969096  |r 2025-01-20  |w 2019-11-21  |y BK_R  |k ALI